[Event "Torino Alfieri op 2nd"]
[Site "Torino"]
[Date "2010.04.24"]
[Round "5"]
[White "Capuzzimati, Fausto"]
[Black "Termini, Luigi Robert"]
[Result "1-0"]
[WhiteElo "1491"]
[BlackElo "1703"]
[PlyCount "43"]
[EventDate "2010.04.21"]
[EventType "swiss"]
[EventRounds "5"]
[EventCountry "ITA"]
[SourceTitle "EXT 2024"]
[Source "ChessBase"]
[SourceDate "2023.10.10"]
[SourceVersion "1"]
[SourceVersionDate "2023.10.10"]
[SourceQuality "1"]

1. d4 Nf6 2. c4 d5 3. Nc3 e6 4. Nf3 Be7 5. e3 0-0 6. Bd3 Nbd7 7. c5 c6 8. Qc2 b6 9. Qa4 Bb7 10. b4 a5 11. 0-0 Ne8 12. Bd2 f6 13. Qc2 g6 14. a3 Ba6 15. Rfe1 f5 16. Ne2 Ndf6 17. Ne5 Bb7 18. Nf4 Ng7 19. Nh3 Ne4 20. f4 Ne8 21. Ng5 Nxg5 22. fxg5 1-0